Effectif de l'Union Bordeaux Bègles - Saison 2021-2022. - Statistiques

Statistiques générales
  • Ce quiz a été pris 247 fois
    227 depuis la dernière actualisation
  • Le résultat moyen est 21 sur 47
Statistiques - réponses
Joueur % Correct
Matthieu Jalibert
95%
Maxime Lucu
93%
Ben Lam
87%
Romain Buros
79%
Maxime Lamothe
77%
Jefferson Poirot
75%
Yoram Moefana
73%
Ben Tameifuna
70%
François Trinh-Duc
70%
Louis Bielle-Biarrey
66%
Santiago Cordero
64%
Nans Ducuing
58%
Clément Maynadier
57%
Ulupano Seuteni
57%
Guido Petti
56%
Mateo Garcia
56%
Yann Lesgourgues
56%
Frederico Mori
55%
Cameron Woki
54%
Mahamadou Diaby
54%
Vadim Cobîlaș
54%
Lekso Kaulashvili
49%
Thomas Jolmès
46%
Kane Douglas
45%
Jandré Marais
43%
Cyril Cazeaux
42%
Jean-Baptiste Dubié
41%
Louis Picamoles
38%
Connor Sa
37%
Jules Gimbert
36%
Alexandre Roumat
34%
Bastien Vergnes-Taillefer
34%
Pablo Uberti
34%
Joseph Dweba
32%
Rémi Lamerat
32%
Geoffrey Cros
26%
Thierry Païva
26%
Pablo Dimcheff
21%
Nathanaël Hulleu
18%
Lasha Tabidze
13%
Gatien Massé
11%
Alban Roussel
9%
Jean-Baptiste Lachaise
9%
Ian Kitwanga
7%
Enzo Baggiani
3%
Romain Darchen
3%
Clément Renaud
2%
Aucun quiz correspondant
Distribution des résultats
% des personnes avec chaque résultat
Percentile par nombre de réponses
Votre historique - résultats
Vous n’avez pas pris ce quiz depuis la dernière actualisation